[Event "World Youth & Cadets Blitz Championships"]
[Site "Rhodes, Greece"]
[Date "2022.05.03"]
[Round "4.7"]
[White "Chyzy, Jakub"]
[Black "Franc, Borna"]
[Result "1/2-1/2"]
[TimeControl "5'/game & 2\"/move"]
[WhiteElo "2002"]
[BlackElo "1901"]

1. e4 {[%clk 00:05:02]} {[%emt 00:00:02]} e5 {[%clk 00:05:04]} {[%emt
00:00:01]} 2. Nf3 {[%clk 00:05:03]} {[%emt 00:00:01]} Nc6 {[%clk 00:05:05]} 3.
Nc3 {[%clk 00:05:04]} {[%emt 00:00:01]} Nf6 {[%clk 00:05:05]} {[%emt 00:00:02]}
4. a3 {[%clk 00:05:05]} {[%emt 00:00:01]} d6 {[%clk 00:05:00]} {[%emt
00:00:07]} 5. d4 {[%clk 00:05:05]} {[%emt 00:00:01]} exd4 {[%clk 00:04:51]}
{[%emt 00:00:12]} 6. Nxd4 {[%clk 00:05:06]} {[%emt 00:00:01]} Be7 {[%clk
00:04:46]} {[%emt 00:00:07]} 7. Nxc6 {[%clk 00:05:03]} {[%emt 00:00:05]} bxc6
{[%clk 00:04:47]} 8. Bd3 {[%clk 00:05:02]} {[%emt 00:00:02]} d5 {[%clk
00:04:32]} {[%emt 00:00:18]} 9. O-O {[%clk 00:04:45]} {[%emt 00:00:19]} O-O
{[%clk 00:04:32]} {[%emt 00:00:01]} 10. e5 {[%clk 00:04:28]} {[%emt 00:00:20]}
Ng4 {[%clk 00:04:33]} {[%emt 00:00:01]} 11. Bf4 {[%clk 00:04:22]} {[%emt
00:00:08]} Bg5 {[%clk 00:04:12]} {[%emt 00:00:23]} 12. Bxg5 {[%clk 00:03:51]}
{[%emt 00:00:33]} Qxg5 {[%clk 00:04:11]} {[%emt 00:00:03]} 13. h3 {[%clk
00:03:44]} {[%emt 00:00:09]} Nh6 {[%clk 00:03:52]} {[%emt 00:00:21]} 14. f4
{[%clk 00:03:41]} {[%emt 00:00:05]} Qe7 {[%clk 00:03:45]} {[%emt 00:00:08]} 15.
Qh5 {[%clk 00:03:29]} {[%emt 00:00:15]} f5 {[%clk 00:03:23]} {[%emt 00:00:24]}
16. exf6 {[%clk 00:03:17]} {[%emt 00:00:14]} Qxf6 {[%clk 00:03:21]} {[%emt
00:00:04]} 17. Rae1 {[%clk 00:02:32]} {[%emt 00:00:47]} Bf5 {[%clk 00:03:15]}
{[%emt 00:00:08]} 18. Re5 {[%clk 00:01:13]} {[%emt 00:01:20]} Bxd3 {[%clk
00:03:15]} {[%emt 00:00:02]} 19. cxd3 {[%clk 00:01:14]} Nf7 {[%clk 00:03:16]}
{[%emt 00:00:02]} 20. Re2 {[%clk 00:00:57]} {[%emt 00:00:19]} Nd6 {[%clk
00:03:06]} {[%emt 00:00:12]} 21. Qe5 {[%clk 00:00:50]} {[%emt 00:00:09]} Qg6
{[%clk 00:02:44]} {[%emt 00:00:23]} 22. Qe6+ {[%clk 00:00:41]} {[%emt
00:00:13]} Qxe6 {[%clk 00:02:44]} 23. Rxe6 {[%clk 00:00:42]} Rae8 {[%clk
00:02:46]} 24. Rxe8 {[%clk 00:00:32]} {[%emt 00:00:12]} Rxe8 {[%clk 00:02:46]}
25. Kf2 {[%clk 00:00:32]} {[%emt 00:00:03]} d4 {[%clk 00:02:20]} {[%emt
00:00:28]} 26. Na4 {[%clk 00:00:27]} {[%emt 00:00:07]} Nf5 {[%clk 00:02:02]}
{[%emt 00:00:20]} 27. Rc1 {[%clk 00:00:27]} {[%emt 00:00:01]} Re6 {[%clk
00:02:01]} {[%emt 00:00:04]} 28. g4 {[%clk 00:00:22]} {[%emt 00:00:07]} Ne7
{[%clk 00:01:58]} {[%emt 00:00:06]} 29. Nc5 {[%clk 00:00:15]} {[%emt 00:00:09]}
Re3 {[%clk 00:01:58]} {[%emt 00:00:01]} 30. Rc4 {[%clk 00:00:11]} {[%emt
00:00:07]} Rxh3 {[%clk 00:01:55]} {[%emt 00:00:04]} 31. Rxd4 {[%clk 00:00:12]}
{[%emt 00:00:01]} Nd5 {[%clk 00:01:49]} {[%emt 00:00:08]} 32. b4 {[%clk
00:00:13]} Rh2+ {[%clk 00:01:44]} {[%emt 00:00:07]} 33. Kg3 {[%clk 00:00:15]}
Ra2 {[%clk 00:01:44]} 34. b5 {[%clk 00:00:15]} {[%emt 00:00:04]} Rxa3 {[%clk
00:01:16]} {[%emt 00:00:30]} 35. bxc6 {[%clk 00:00:15]} {[%emt 00:00:01]} Nf6
{[%clk 00:01:17]} {[%emt 00:00:01]} 36. Rd7 {[%clk 00:00:10]} {[%emt 00:00:08]}
Rc3 {[%clk 00:01:14]} {[%emt 00:00:05]} 37. Rd8+ {[%clk 00:00:09]} {[%emt
00:00:03]} Kf7 {[%clk 00:01:15]} 38. Nd7 {[%clk 00:00:04]} {[%emt 00:00:06]}
Rxd3+ {[%clk 00:00:59]} {[%emt 00:00:18]} 39. Kf2 {[%clk 00:00:06]} Nxd7 {[%clk
00:01:00]} {[%emt 00:00:01]} 40. cxd7 {[%clk 00:00:07]} Ke7 {[%clk 00:00:59]}
{[%emt 00:00:03]} 41. Rg8 {[%clk 00:00:08]} Rxd7 {[%emt 00:01:23]} 1/2-1/2

[Event "World Youth & Cadets Blitz Championships"]
[Site "Rhodes, Greece"]
[Date "2022.05.03"]
[Round "4.8"]
[White "Javornik, Nik"]
[Black "Borrmann, Laurenz"]
[Result "0-1"]
[TimeControl "5'/game & 2\"/move"]
[WhiteElo "1920"]
[BlackElo "1990"]

1. e4 {[%clk 00:05:03]} {[%emt 00:06:45]} c5 {[%clk 00:04:55]} {[%emt
00:00:03]} 2. Nf3 {[%clk 00:05:03]} {[%emt 00:00:08]} Nc6 {[%clk 00:04:49]}
{[%emt 00:00:07]} 3. d4 {[%clk 00:05:04]} {[%emt 00:00:02]} cxd4 {[%clk
00:04:49]} 4. Nxd4 {[%clk 00:05:04]} {[%emt 00:00:02]} e6 {[%clk 00:04:50]}
{[%emt 00:00:01]} 5. Nc3 {[%clk 00:04:38]} {[%emt 00:00:29]} a6 {[%clk
00:04:48]} {[%emt 00:00:03]} 6. Nxc6 {[%clk 00:04:36]} {[%emt 00:00:04]} bxc6
{[%clk 00:04:48]} {[%emt 00:00:01]} 7. e5 {[%clk 00:04:15]} {[%emt 00:00:24]}
Qa5 {[%clk 00:04:14]} {[%emt 00:00:35]} 8. Bf4 {[%clk 00:03:42]} {[%emt
00:00:36]} Ne7 {[%clk 00:04:06]} {[%emt 00:00:10]} 9. Bd3 {[%clk 00:02:32]}
{[%emt 00:01:11]} Nd5 {[%clk 00:03:30]} {[%emt 00:00:39]} 10. Bd2 {[%clk
00:02:33]} {[%emt 00:00:01]} Nxc3 {[%clk 00:03:12]} {[%emt 00:00:19]} 11. Bxc3
{[%clk 00:02:34]} {[%emt 00:00:02]} Bb4 {[%clk 00:03:12]} {[%emt 00:00:02]} 12.
Qd2 {[%clk 00:02:07]} {[%emt 00:00:29]} Bxc3 {[%clk 00:03:02]} {[%emt
00:00:12]} 13. Qxc3 {[%clk 00:02:08]} {[%emt 00:00:02]} Qb6 {[%clk 00:02:26]}
{[%emt 00:00:37]} 14. O-O {[%clk 00:02:02]} {[%emt 00:00:07]} O-O {[%clk
00:02:20]} {[%emt 00:00:09]} 15. a4 {[%clk 00:02:00]} {[%emt 00:00:05]} Rb8
{[%clk 00:02:11]} {[%emt 00:00:09]} 16. b3 {[%clk 00:02:01]} {[%emt 00:00:02]}
Qb4 {[%clk 00:02:00]} {[%emt 00:00:12]} 17. Qxb4 {[%clk 00:01:53]} {[%emt
00:00:11]} Rxb4 {[%clk 00:02:02]} 18. Rad1 {[%clk 00:01:37]} {[%emt 00:00:17]}
f6 {[%emt 00:00:22]} 19. f4 {[%clk 00:01:27]} a5 {[%clk 00:01:29]} {[%emt
00:00:28]} 20. Bc4 {[%clk 00:01:20]} {[%emt 00:00:09]} Rb7 {[%clk 00:01:20]}
{[%emt 00:00:11]} 21. Rd3 {[%clk 00:01:02]} {[%emt 00:00:19]} Kf7 {[%clk
00:01:10]} {[%emt 00:00:12]} 22. f5 {[%clk 00:00:53]} {[%emt 00:00:12]} Ke7
{[%clk 00:01:05]} {[%emt 00:00:07]} 23. fxe6 {[%clk 00:00:53]} {[%emt
00:00:02]} dxe6 {[%clk 00:01:03]} {[%emt 00:00:03]} 24. Rd6 {[%clk 00:00:34]}
{[%emt 00:00:21]} Rc7 {[%clk 00:01:01]} {[%emt 00:00:05]} 25. Rd3 {[%clk
00:00:17]} {[%emt 00:00:18]} fxe5 {[%clk 00:00:21]} {[%emt 00:00:42]} 26. Rxf8
{[%clk 00:00:18]} Kxf8 {[%clk 00:00:22]} 27. Re3 {[%clk 00:00:20]} {[%emt
00:00:01]} Ke7 {[%clk 00:00:23]} {[%emt 00:00:01]} 28. Rxe5 {[%clk 00:00:20]}
{[%emt 00:00:02]} Ra7 {[%clk 00:00:23]} {[%emt 00:00:01]} 29. Kf2 {[%clk
00:00:16]} {[%emt 00:00:06]} Kd6 {[%clk 00:00:18]} {[%emt 00:00:07]} 30. Rg5
{[%clk 00:00:17]} g6 {[%clk 00:00:19]} {[%emt 00:00:02]} 31. Ke3 {[%clk
00:00:17]} {[%emt 00:00:01]} e5 {[%clk 00:00:18]} {[%emt 00:00:03]} 32. h4
{[%clk 00:00:12]} {[%emt 00:00:08]} Bf5 {[%clk 00:00:17]} {[%emt 00:00:02]} 33.
Bd3 {[%clk 00:00:12]} {[%emt 00:00:02]} e4 {[%clk 00:00:11]} {[%emt 00:00:09]}
34. Bc4 {[%clk 00:00:07]} {[%emt 00:00:06]} h6 {[%clk 00:00:11]} {[%emt
00:00:02]} 35. Rg3 {[%clk 00:00:09]} {[%emt 00:00:01]} Ke5 {[%clk 00:00:12]}
{[%emt 00:00:01]} 36. h5 {[%clk 00:00:06]} {[%emt 00:00:05]} g5 {[%clk
00:00:13]} 37. Be2 {[%clk 00:00:04]} {[%emt 00:00:05]} Rd7 {[%clk 00:00:12]}
{[%emt 00:00:03]} 38. Kf2 {[%clk 00:00:05]} {[%emt 00:00:01]} Rd2 {[%clk
00:00:08]} {[%emt 00:00:04]} 39. Rc3 {[%clk 00:00:06]} {[%emt 00:00:02]} Rxc2
{[%clk 00:00:04]} {[%emt 00:00:06]} 40. Rxc2 {[%clk 00:00:05]} {[%emt
00:00:03]} e3+ {[%emt 00:00:01]} 41. Kxe3 {[%clk 00:00:06]} Bxc2 {[%clk
00:00:07]} 42. Bc4 {[%clk 00:00:03]} {[%emt 00:00:06]} Bd1 {[%emt 00:00:02]} 43.
g3 {[%clk 00:00:04]} Bxh5 {[%emt 00:00:03]} 44. Bg8 {[%clk 00:00:04]} Bd1
{[%clk 00:00:08]} {[%emt 00:00:02]} 45. Bc4 {[%clk 00:00:06]} c5 {[%clk
00:00:09]} {[%emt 00:00:01]} 46. Bg8 {[%clk 00:00:07]} {[%emt 00:00:01]} h5
{[%clk 00:00:10]} {[%emt 00:00:01]} 47. Bc4 {[%clk 00:00:08]} h4 {[%clk
00:00:09]} {[%emt 00:00:03]} 48. gxh4 {[%clk 00:00:09]} gxh4 {[%clk 00:00:11]}
49. Kf2 {[%clk 00:00:11]} {[%emt 00:00:01]} Kd4 {[%clk 00:00:11]} 50. Kg2
{[%clk 00:00:07]} {[%emt 00:00:05]} Kc3 {[%clk 00:00:12]} {[%emt 00:00:02]} 51.
Kh3 {[%clk 00:00:08]} {[%emt 00:00:02]} Bxb3 {[%clk 00:00:12]} {[%emt
00:00:01]} 52. Bb5 {[%clk 00:00:09]} Kb4 {[%clk 00:00:13]} {[%emt 00:00:01]} 53.
Kxh4 {[%clk 00:00:10]} {[%emt 00:00:02]} Bxa4 {[%clk 00:00:14]} 54. Be2 {[%clk
00:00:11]} {[%emt 00:00:01]} Kc3 {[%clk 00:00:13]} {[%emt 00:00:02]} 55. Kg3
{[%clk 00:00:12]} {[%emt 00:00:01]} Bc2 {[%clk 00:00:10]} {[%emt 00:00:05]} 56.
Kf2 {[%clk 00:00:13]} {[%emt 00:00:01]} a4 {[%clk 00:00:11]} 57. Bh5 {[%clk
00:00:05]} {[%emt 00:00:10]} a3 {[%clk 00:00:12]} {[%emt 00:00:02]} 58. Bf7
{[%clk 00:00:05]} Bb3 {[%clk 00:00:12]} {[%emt 00:00:02]} 0-1

[Event "World Youth & Cadets Blitz Championships"]
[Site "Rhodes, Greece"]
[Date "2022.05.03"]
[Round "4.9"]
[White "Gurel, Ediz"]
[Black "Hagner, Bennet"]
[Result "1-0"]
[TimeControl "5'/game & 2\"/move"]
[WhiteElo "1726"]
[BlackElo "2044"]

1. e4 {[%clk 00:05:04]} {[%emt 00:13:46]} e5 {[%clk 00:05:03]} {[%emt
00:00:02]} 2. Nf3 {[%clk 00:05:05]} Nc6 {[%clk 00:05:04]} {[%emt 00:00:01]} 3.
Bb5 {[%clk 00:05:05]} a6 {[%clk 00:05:05]} {[%emt 00:00:01]} 4. Ba4 {[%clk
00:05:07]} {[%emt 00:00:01]} Nf6 {[%emt 00:00:03]} 5. O-O {[%clk 00:05:07]} Be7
{[%clk 00:05:07]} 6. Re1 {[%clk 00:05:08]} b5 {[%clk 00:05:08]} 7. Bb3 {[%clk
00:05:10]} {[%emt 00:00:02]} d6 {[%clk 00:05:09]} 8. c3 {[%clk 00:05:10]}
{[%emt 00:00:02]} O-O {[%clk 00:05:09]} 9. h3 {[%clk 00:05:12]} Bb7 {[%emt
00:00:06]} 10. d4 {[%clk 00:05:09]} {[%emt 00:00:03]} Re8 {[%emt 00:00:02]} 11.
Ng5 {[%clk 00:05:10]} Rf8 {[%clk 00:05:11]} {[%emt 00:00:01]} 12. Nf3 {[%clk
00:05:11]} Re8 {[%clk 00:05:07]} 13. Nbd2 {[%clk 00:05:09]} {[%emt 00:00:11]}
Bf8 {[%clk 00:05:08]} 14. Bc2 {[%clk 00:05:00]} {[%emt 00:00:12]} g6 {[%clk
00:05:07]} 15. a3 {[%clk 00:04:42]} {[%emt 00:00:23]} Nb8 {[%clk 00:04:31]} 16.
dxe5 {[%clk 00:04:15]} {[%emt 00:01:07]} dxe5 {[%clk 00:04:32]} 17. Qe2 {[%clk
00:04:14]} {[%emt 00:00:03]} Nbd7 {[%clk 00:04:29]} 18. Nf1 {[%clk 00:04:13]}
{[%emt 00:00:08]} c5 {[%clk 00:04:04]} 19. c4 {[%clk 00:03:34]} {[%emt
00:01:09]} Qb6 {[%clk 00:03:47]} 20. Bg5 {[%clk 00:02:41]} {[%emt 00:01:13]} h6
{[%clk 00:03:43]} 21. Bh4 {[%clk 00:02:35]} {[%emt 00:00:14]} Nh5 {[%clk
00:03:23]} {[%emt 00:00:22]} 22. Ne3 {[%clk 00:02:33]} {[%emt 00:00:04]} Ndf6
{[%emt 00:00:40]} 23. Nd5 {[%clk 00:02:14]} {[%emt 00:00:21]} Nxd5 {[%clk
00:02:46]} {[%emt 00:00:02]} 24. exd5 {[%clk 00:02:10]} {[%emt 00:00:05]} e4
{[%clk 00:02:05]} {[%emt 00:00:44]} 25. Nd2 {[%clk 00:01:43]} {[%emt 00:00:29]}
f5 {[%clk 00:02:02]} {[%emt 00:00:05]} 26. a4 {[%clk 00:01:36]} {[%emt
00:00:09]} Qd6 {[%clk 00:01:41]} {[%emt 00:00:22]} 27. axb5 {[%clk 00:01:17]}
{[%emt 00:00:21]} axb5 {[%clk 00:01:42]} {[%emt 00:00:02]} 28. Rxa8 {[%clk
00:01:13]} {[%emt 00:00:05]} Bxa8 {[%clk 00:01:42]} {[%emt 00:00:02]} 29. cxb5
{[%clk 00:01:10]} {[%emt 00:00:05]} Bxd5 {[%clk 00:01:39]} {[%emt 00:00:06]} 30.
Bb3 {[%clk 00:00:56]} {[%emt 00:00:16]} Nf4 {[%clk 00:01:12]} 31. Bxd5+ {[%clk
00:00:52]} {[%emt 00:00:34]} Qxd5 {[%clk 00:01:13]} 32. Qc4 {[%clk 00:00:52]}
{[%emt 00:00:03]} Rb8 {[%clk 00:01:04]} 33. Bg3 {[%clk 00:00:44]} {[%emt
00:00:21]} Qxc4 {[%clk 00:00:38]} 34. Nxc4 {[%clk 00:00:45]} {[%emt 00:00:29]}
1-0

[Event "World Youth & Cadets Blitz Championships"]
[Site "Rhodes, Greece"]
[Date "2022.05.03"]
[Round "4.10"]
[White "Kozlovic, Jernej"]
[Black "Krawczyk, Flawian"]
[Result "0-1"]
[TimeControl "5'/game & 2\"/move"]
[WhiteElo "1937"]
[BlackElo "1883"]

1. Nf3 {[%clk 00:05:02]} {[%emt 00:00:02]} Nf6 {[%clk 00:05:03]} {[%emt
00:00:01]} 2. d4 {[%clk 00:05:02]} {[%emt 00:00:01]} g6 {[%clk 00:05:05]} 3.
Bf4 {[%clk 00:05:03]} {[%emt 00:00:01]} Bg7 {[%clk 00:05:06]} 4. e3 {[%clk
00:05:03]} {[%emt 00:00:02]} O-O {[%clk 00:05:06]} {[%emt 00:00:02]} 5. Nbd2
{[%clk 00:05:02]} {[%emt 00:00:04]} d6 {[%clk 00:05:07]} 6. h3 {[%clk
00:05:02]} {[%emt 00:00:02]} Nfd7 {[%clk 00:05:09]} {[%emt 00:00:01]} 7. Bh2
{[%clk 00:04:54]} {[%emt 00:00:09]} e5 {[%clk 00:05:10]} {[%emt 00:00:01]} 8.
c3 {[%clk 00:04:52]} {[%emt 00:00:04]} Nc6 {[%clk 00:05:11]} {[%emt 00:00:01]}
9. Bc4 {[%clk 00:04:42]} {[%emt 00:00:11]} Kh8 {[%clk 00:05:11]} {[%emt
00:00:03]} 10. O-O {[%clk 00:04:36]} {[%emt 00:00:08]} h6 {[%clk 00:05:10]}
{[%emt 00:00:03]} 11. a4 {[%clk 00:04:27]} {[%emt 00:00:11]} f5 {[%clk
00:05:11]} 12. a5 {[%clk 00:04:14]} {[%emt 00:00:15]} a6 {[%clk 00:05:12]} 13.
b4 {[%clk 00:04:05]} {[%emt 00:00:10]} g5 {[%clk 00:05:03]} {[%emt 00:00:12]}
14. Qe2 {[%clk 00:03:29]} {[%emt 00:00:37]} Ne7 {[%clk 00:04:56]} {[%emt
00:00:10]} 15. Be6 {[%clk 00:03:16]} {[%emt 00:00:15]} e4 {[%clk 00:04:46]}
{[%emt 00:00:11]} 16. Nxg5 {[%clk 00:03:09]} {[%emt 00:00:09]} Qe8 {[%clk
00:04:26]} {[%emt 00:00:23]} 17. Ngxe4 {[%clk 00:02:35]} {[%emt 00:00:36]} fxe4
{[%clk 00:04:27]} {[%emt 00:00:02]} 18. Nxe4 {[%clk 00:02:34]} {[%emt
00:00:02]} Nf6 {[%clk 00:04:27]} {[%emt 00:00:02]} 19. Nxf6 {[%clk 00:02:28]}
{[%emt 00:00:07]} Rxf6 {[%clk 00:04:26]} {[%emt 00:00:04]} 20. Bxc8 {[%clk
00:02:25]} {[%emt 00:00:04]} Qxc8 {[%clk 00:04:27]} {[%emt 00:00:02]} 21. Qg4
{[%clk 00:02:18]} {[%emt 00:00:08]} Qxg4 {[%clk 00:04:19]} {[%emt 00:00:11]} 22.
hxg4 {[%clk 00:02:19]} Rg6 {[%clk 00:04:20]} {[%emt 00:00:01]} 23. f3 {[%clk
00:02:16]} {[%emt 00:00:04]} Nd5 {[%clk 00:04:21]} {[%emt 00:00:02]} 24. Rac1
{[%clk 00:02:04]} {[%emt 00:00:14]} Nxe3 {[%clk 00:04:20]} {[%emt 00:00:02]} 25.
Rfe1 {[%clk 00:02:05]} {[%emt 00:00:02]} Nd5 {[%clk 00:04:19]} {[%emt
00:00:03]} 26. Kf2 {[%clk 00:01:55]} {[%emt 00:00:11]} b6 {[%clk 00:03:49]}
{[%emt 00:00:33]} 27. axb6 {[%clk 00:01:43]} {[%emt 00:00:14]} cxb6 {[%clk
00:03:50]} {[%emt 00:00:01]} 28. Red1 {[%clk 00:01:32]} {[%emt 00:00:13]} a5
{[%clk 00:03:40]} {[%emt 00:00:12]} 29. bxa5 {[%clk 00:01:29]} {[%emt
00:00:05]} bxa5 {[%emt 00:00:01]} 30. c4 {[%clk 00:01:26]} {[%emt 00:00:04]}
Nb4 {[%clk 00:03:39]} {[%emt 00:00:05]} 31. c5 {[%clk 00:00:59]} {[%emt
00:00:28]} dxc5 {[%clk 00:03:40]} {[%emt 00:00:01]} 32. dxc5 {[%clk 00:00:59]}
{[%emt 00:00:02]} a4 {[%clk 00:03:40]} {[%emt 00:00:03]} 33. Rc4 {[%clk
00:00:43]} {[%emt 00:00:18]} Nc6 {[%clk 00:03:31]} {[%emt 00:00:11]} 34. Rd2
{[%clk 00:00:28]} {[%emt 00:00:17]} a3 {[%clk 00:03:06]} {[%emt 00:00:27]} 35.
Ra2 {[%clk 00:00:27]} {[%emt 00:00:02]} Bb2 {[%clk 00:03:01]} {[%emt 00:00:08]}
36. Rc2 {[%clk 00:00:10]} {[%emt 00:00:19]} Ra5 {[%clk 00:02:46]} {[%emt
00:00:16]} 37. Rcxb2 {[%clk 00:00:05]} {[%emt 00:00:07]} axb2 {[%clk 00:02:47]}
38. Rxb2 {[%clk 00:00:04]} {[%emt 00:00:04]} Rxc5 {[%clk 00:02:48]} {[%emt
00:00:02]} 39. Ra2 {[%clk 00:00:03]} {[%emt 00:00:03]} Re6 {[%clk 00:02:45]}
{[%emt 00:00:03]} 40. Bf4 {[%clk 00:00:03]} {[%emt 00:00:03]} Kh7 {[%clk
00:02:43]} {[%emt 00:00:04]} 41. Rb2 {[%clk 00:00:03]} {[%emt 00:00:02]} Nd4
{[%clk 00:02:37]} {[%emt 00:00:08]} 42. Be3 {[%clk 00:00:03]} {[%emt 00:00:02]}
Rc2+ {[%clk 00:02:38]} 43. Rxc2 {[%clk 00:00:04]} {[%emt 00:00:02]} Nxc2 {[%emt
00:00:03]} 44. Bf4 {[%clk 00:00:04]} Kg6 {[%clk 00:02:34]} {[%emt 00:00:07]} 45.
Bd2 {[%clk 00:00:04]} {[%emt 00:00:02]} Nd4 {[%emt 00:00:04]} 46. Be3 {[%clk
00:00:04]} Nc6 {[%clk 00:02:33]} {[%emt 00:00:02]} 47. Bf4 {[%clk 00:00:03]}
{[%emt 00:00:03]} Ne5 {[%clk 00:02:30]} {[%emt 00:00:05]} 48. Bd2 {[%emt
00:00:14]} 0-1

[Event "World Youth & Cadets Blitz Championships"]
[Site "Rhodes, Greece"]
[Date "2022.05.03"]
[Round "4.11"]
[White "Sapenov, Daniyal"]
[Black "Bazilius, Augustinas"]
[Result "1-0"]
[TimeControl "5'/game & 2\"/move"]
[WhiteElo "1877"]
[BlackElo "1782"]

1. Nf3 {[%clk 00:05:03]} {[%emt 00:14:06]} Nf6 {[%clk 00:05:03]} {[%emt
00:00:02]} 2. d4 {[%clk 00:05:03]} {[%emt 00:00:02]} g6 {[%clk 00:05:04]}
{[%emt 00:00:01]} 3. c4 {[%clk 00:05:04]} {[%emt 00:00:01]} Bg7 {[%clk
00:05:05]} {[%emt 00:00:01]} 4. Nc3 {[%clk 00:05:05]} {[%emt 00:00:01]} d5
{[%clk 00:05:06]} {[%emt 00:00:01]} 5. cxd5 {[%clk 00:04:40]} {[%emt 00:00:27]}
Nxd5 {[%clk 00:05:07]} {[%emt 00:00:01]} 6. e4 {[%clk 00:04:41]} {[%emt
00:00:01]} Nxc3 {[%clk 00:05:07]} {[%emt 00:00:02]} 7. bxc3 {[%clk 00:04:42]}
O-O {[%clk 00:05:08]} {[%emt 00:00:01]} 8. Be2 {[%clk 00:04:39]} {[%emt
00:00:05]} c5 {[%clk 00:05:08]} {[%emt 00:00:02]} 9. O-O {[%clk 00:04:39]}
{[%emt 00:00:02]} Nc6 {[%clk 00:04:38]} {[%emt 00:00:32]} 10. Be3 {[%clk
00:04:39]} {[%emt 00:00:01]} cxd4 {[%clk 00:04:38]} {[%emt 00:00:03]} 11. cxd4
{[%clk 00:04:40]} {[%emt 00:00:01]} Bg4 {[%clk 00:04:39]} 12. d5 {[%clk
00:04:29]} {[%emt 00:00:14]} Bxf3 {[%clk 00:04:39]} 13. Bxf3 {[%clk 00:04:23]}
{[%emt 00:00:09]} Bxa1 {[%clk 00:04:07]} {[%emt 00:00:34]} 14. Qxa1 {[%clk
00:04:24]} {[%emt 00:00:01]} Na5 {[%clk 00:04:08]} 15. Bh6 {[%clk 00:04:24]}
{[%emt 00:00:01]} f6 {[%clk 00:04:09]} 16. Bxf8 {[%emt 00:00:12]} Kxf8 {[%clk
00:03:39]} {[%emt 00:00:23]} 17. e5 {[%clk 00:04:22]} {[%emt 00:00:03]} Nc4
{[%clk 00:03:20]} {[%emt 00:00:22]} 18. exf6 {[%clk 00:03:44]} {[%emt
00:00:39]} exf6 {[%clk 00:03:19]} {[%emt 00:00:03]} 19. Re1 {[%clk 00:03:44]}
{[%emt 00:00:03]} Ne5 {[%clk 00:03:15]} {[%emt 00:00:05]} 20. Be4 {[%clk
00:02:33]} {[%emt 00:01:14]} Qd6 {[%clk 00:02:50]} {[%emt 00:00:27]} 21. g3
{[%clk 00:02:14]} {[%emt 00:00:20]} Rc8 {[%clk 00:02:39]} {[%emt 00:00:13]} 22.
Rc1 {[%clk 00:01:57]} {[%emt 00:00:19]} Rc5 {[%clk 00:01:59]} {[%emt 00:00:43]}
23. h3 {[%clk 00:01:13]} {[%emt 00:00:46]} b6 {[%clk 00:01:37]} {[%emt
00:00:24]} 24. Rd1 {[%clk 00:00:53]} {[%emt 00:00:22]} Rc4 {[%clk 00:01:30]}
{[%emt 00:00:08]} 25. Bg2 {[%clk 00:00:49]} {[%emt 00:00:06]} Rc2 {[%clk
00:01:27]} {[%emt 00:00:06]} 26. Rc1 {[%clk 00:00:49]} {[%emt 00:00:02]} Rxc1+
{[%clk 00:00:46]} {[%emt 00:00:42]} 27. Qxc1 {[%clk 00:00:50]} Qc5 {[%clk
00:00:48]} 28. Qf4 {[%clk 00:00:46]} {[%emt 00:00:06]} Kf7 {[%clk 00:00:39]}
{[%emt 00:00:11]} 29. h4 {[%clk 00:00:43]} {[%emt 00:00:05]} Nd3 {[%clk
00:00:33]} {[%emt 00:00:09]} 30. Qf3 {[%clk 00:00:27]} {[%emt 00:00:18]} Ne1
{[%clk 00:00:23]} {[%emt 00:00:11]} 31. Qe4 {[%clk 00:00:28]} {[%emt 00:00:01]}
Nxg2 {[%clk 00:00:22]} {[%emt 00:00:03]} 32. Qe6+ {[%clk 00:00:29]} {[%emt
00:00:01]} Kg7 {[%clk 00:00:19]} {[%emt 00:00:05]} 33. Kxg2 {[%clk 00:00:29]}
{[%emt 00:00:02]} Qc7 {[%clk 00:00:08]} {[%emt 00:00:13]} 34. d6 {[%clk
00:00:29]} {[%emt 00:00:03]} Qd8 {[%clk 00:00:09]} 35. d7 {[%clk 00:00:26]}
{[%emt 00:00:04]} Kf8 {[%clk 00:00:10]} 36. Kf3 {[%clk 00:00:22]} {[%emt
00:00:06]} Qe7 {[%clk 00:00:09]} {[%emt 00:00:04]} 37. Qc6 {[%clk 00:00:19]}
{[%emt 00:00:05]} Qd8 {[%clk 00:00:09]} {[%emt 00:00:02]} 38. Qd6+ {[%clk
00:00:20]} {[%emt 00:00:01]} Kf7 {[%clk 00:00:07]} {[%emt 00:00:05]} 39. Ke4
{[%clk 00:00:20]} {[%emt 00:00:01]} Qa8+ {[%clk 00:00:03]} {[%emt 00:00:07]} 40.
Kd4 {[%clk 00:00:21]} Qd8 {[%clk 00:00:04]} {[%emt 00:00:01]} 41. Kd5 {[%clk
00:00:21]} {[%emt 00:00:02]} Qa8+ {[%clk 00:00:05]} {[%emt 00:00:01]} 42. Qc6
{[%clk 00:00:22]} {[%emt 00:00:01]} Qd8 {[%clk 00:00:06]} 43. Qe6+ {[%clk
00:00:22]} {[%emt 00:00:02]} Kf8 {[%emt 00:00:03]} 44. Kc6 {[%clk 00:00:21]}
{[%emt 00:00:02]} 1-0